01700cam a22004094i 4500003000900000005001700009008004100026020001500067020001800082035002000100040003300120082002400153100003300177245016400210264003800374300004400412336002100456337002500477338002300502490005500525504004000580504003400620505047900654526001001133526001001143526001001153526001001163526000801173526000801181526000801189526000801197526000801205526000801213526000801221650002901229650003201258PE-LiUPU20250731173027.0170628s2010 mau rb 001 0 eng d a9004178309 a9789004178304 a(Sirsi) a237835 aPE-LiUPUbspacPE-LiUPUerda04a289.940982bD312221 aDavies, Wilma Wells,eautor.14aThe embattled but empowered community :bcomparing understandings of spiritual power in Argentine popular and pentecostal cosmologies /cby Wilma Wells Davies. 1aLeiden ;aBoston :bBrill,c2010. axviii, 319 páginas ;c25 centimetros. atext2rdacontent aunmediated2rdamedia avolume2rdacarrier0 aGlobal pentecostal and charismatic studies ;vv. 5 aBibliografía : páginas 288-313. aÍndices: páginas 315-319.0 aPentecostalism : towards an Argentine view -- Investigating the fields of the Lord : the Argentine religious field and historical context -- The embattled community : cosmology and related practices -- The empowered community : comparing popular and pentecostal understandings of spiritual power -- Missiological implications for a gospel of power -- Argentine pentecostlaism and global Christianity -- Poscript -- Appendices -- English bibliography -- Spanish bibliography. aSEG42 aSEG41 aSEG40 aSEG39 aP94 aP87 aP86 aP85 aP77 aP76 aP3504aCristianismozArgentina.04aPentecostalismozArgentina.